Chile: Fotos

Uloženo v:
Podrobná bibliografie
Hlavní autor: Cori, Jacques (Autor)
Médium: Kniha
Jazyk:španělština
angličtina
Vydáno: Santiago Sociedad Anónima Impresora 1950
Vydání:1a. ed
Témata:
Tagy: Přidat tag
Žádné tagy, Buďte první, kdo vytvoří štítek k tomuto záznamu!

MARC

LEADER 00000nam a2200000 a 4500
001 UCJ7943
003 CL-VaPUC
008 070124e19500000CL |||||||||||||||||spa|d
041 0 7 |a spa  |2 CL-VaPUC 
041 0 7 |a eng  |2 CL-VaPUC 
082 0 4 |a 918.3  |b COR  |2 21 
100 0 |a Cori, Jacques  |e author  |9 516483 
245 1 0 |a Chile: Fotos 
250 |a 1a. ed 
942 |c BK 
945 |d 20070124 00:00:00  |a rinostro 
260 |a Santiago  |b Sociedad Anónima Impresora  |c 1950 
500 |a Ilustraciones, algunas en color, sin indizar 
600 0 7 |a HELFRITZ, HANS  |2 CL-VaPUC  |9 516484 
600 0 7 |a OPAZO, JORGE  |2 CL-VaPUC  |9 516485 
650 0 |a Geografía de Chile   |9 268295 
650 0 |a Ilustraciones  |9 369481 
583 |a last modification  |c 20070124 00:00:00  |k Rodrigo Vera 
999 |c 323803  |d 323801 
952 |0 0  |1 0  |4 0  |6 918_300000000000000_COR_1950  |7 0  |8 X  |9 403610  |a FDOBUD  |b FDOBUD  |d 2019-11-22  |i 1070541  |o 918.3 COR 1950  |p 1070541  |r 2019-11-22  |w 2019-11-22  |y BK_X  |k BUD